| 000 | 00574nam a2200241Ia 4500 | ||
|---|---|---|---|
| 003 | OSt | ||
| 005 | 20220924152421.0 | ||
| 006 | a|||||r|||| 00| 0 | ||
| 007 | ta | ||
| 008 | 220923b |||||||| |||| 00| 0 mar d | ||
| 024 | _a342439 | ||
| 037 | _cTextual | ||
| 040 |
_aARTS _cARTS _bmar |
||
| 041 |
_2mar _amar |
||
| 082 | _aR65, 155G0 | ||
| 100 |
_aVakil _9226630 |
||
| 245 | 0 | _aBrahmavidya prabodhratna | |
| 260 | _c1930 | ||
| 300 |
_a931p. _ccm. |
||
| 650 | _aPHILOSOPHY | ||
| 942 |
_hR65, 155G0 _cTEXL _2CC |
||
| 999 |
_c469773 _d469773 |
||